Democracy and Poverty in Chile: The limits to electoral politics

Saved in:
Bibliographic Details
Main Authors: Petras, James F (Author), Leiva, Fernando Ignacio (Author), Veltmeyer, Henry (Author)
Format: Book
Language:English
Published: Boulder Westview Press 1994
Subjects:
Tags: Add Tag
No Tags, Be the first to tag this record!

MARC

LEADER 00000nam a2200000 a 4500
001 UCG0554
003 CL-VaPUC
008 100325e19940000US |||||||||||||||||eng|d
020 |a 0813382270 
082 0 4 |a 338.983  |b PET  |2 21 
100 0 |a Petras, James F  |e author  |9 548053 
700 0 |a Leiva, Fernando Ignacio  |e author  |9 548054 
700 0 |a Veltmeyer, Henry  |e author  |9 548055 
245 1 0 |a Democracy and Poverty in Chile: The limits to electoral politics 
300 |a 215 p 
942 |c BK 
945 |d 20100325 00:00:00  |a dcastane 
260 |a Boulder  |b Westview Press  |c 1994 
650 0 |a Condiciones económicas  |9 258255 
650 0 |a Democracia  |9 255256 
650 0 |a Política y gobierno  |9 255151 
651 7 |a CHILE  |2 CL-VaPUC  |9 548056 
583 |a last modification  |c 20130325 05:37:34  |k Rodrigo Vera 
999 |c 340175  |d 340173 
952 |0 0  |1 0  |4 0  |6 338_983000000000000_PET_1994  |7 0  |8 A  |9 434711  |a BIBHIS  |b BIBHIS  |d 2019-11-22  |i 4643739  |o 338.983 PET 1994  |p 4643739  |r 2025-01-20  |w 2019-11-22  |y BK  |k HIS